[Event "EU-Cup 38th"]
[Site "Durres"]
[Date "2023.10.02"]
[Round "2.3"]
[White "Bluebaum, Matthias"]
[Black "Kerigan, Demre"]
[Result "1-0"]
[WhiteElo "2668"]
[BlackElo "2360"]
[PlyCount "115"]
[EventDate "2023.10.01"]
[EventType "team-swiss"]
[EventRounds "7"]
[EventCountry "ALB"]
[SourceTitle "EXT 2024"]
[Source "ChessBase"]
[SourceDate "2023.10.10"]
[SourceVersion "1"]
[SourceVersionDate "2023.10.10"]
[SourceQuality "1"]
[WhiteTeam "Turkish Airlines"]
[BlackTeam "Paul Keres"]
[WhiteTeamCountry "TUR"]
[BlackTeamCountry "NED"]

1. d4 Nf6 2. c4 g6 3. Nc3 Bg7 4. e4 d6 5. Nf3 0-0 6. Be3 e5 7. d5 Ng4 8. Bg5 f6 9. Bh4 a5 10. Nd2 Na6 11. Be2 Nh6 12. f3 Bd7 13. a3 Nf7 14. Rb1 Nc5 15. b3 Bh6 16. Bf2 f5 17. 0-0 b6 18. Qc2 a4 19. b4 Bxd2 20. Qxd2 Nb3 21. Qd3 f4 22. Bd1 g5 23. Nxa4 Nd4 24. Nb2 Qf6 25. a4 h5 26. Qd2 g4 27. fxg4 Ng5 28. Bxd4 exd4 29. gxh5 Nxe4 30. Qc2 Rae8 31. Be2 Nc3 32. Rbe1 Kh8 33. Bd3 Re3 34. Rxe3 dxe3 35. Nd1 Nxa4 36. Be2 Qd4 37. Qg6 Rf6 38. Qg5 Qe5 39. Qxe5 dxe5 40. Nxe3 Nc3 41. Bg4 Be8 42. g3 b5 43. c5 Kg7 44. Nf5+ Kf8 45. h6 Bg6 46. gxf4 exf4 47. d6 Bxf5 48. Bxf5 cxd6 49. c6 Nd5 50. Be4 Ne7 51. h7 Kg7 52. Ra1 Rf8 53. Ra7 Kf6 54. Rd7 Ke6 55. Bg2 Nf5 56. Bh3 d5 57. Bxf5+ Kxf5 58. c7 1-0

[Event "NED-chT 2324"]
[Site "Netherlands"]
[Date "2023.09.16"]
[Round "1.2"]
[White "De Rover, Yong Hoon"]
[Black "Kerigan, Demre"]
[Result "0-1"]
[WhiteElo "2324"]
[BlackElo "2355"]
[PlyCount "70"]
[EventDate "2023.09.16"]
[EventType "team-tourn"]
[EventRounds "9"]
[EventCountry "NED"]
[SourceTitle "EXT 2024"]
[Source "ChessBase"]
[SourceDate "2023.10.10"]
[SourceVersion "1"]
[SourceVersionDate "2023.10.10"]
[SourceQuality "1"]
[WhiteTeam "De Waagtoren"]
[BlackTeam "Paul Keres"]
[WhiteTeamCountry "NED"]
[BlackTeamCountry "NED"]

1. d4 g6 2. e4 d6 3. Nc3 Nf6 4. Be3 c6 5. h3 Bg7 6. f4 0-0 7. Qd2 b5 8. Bd3 e5 9. Nf3 exd4 10. Bxd4 b4 11. Na4 c5 12. Bxf6 Qxf6 13. e5 Qe7 14. Be4 Bb7 15. Bxb7 Qxb7 16. 0-0-0 Qb5 17. b3 dxe5 18. Nxe5 Nc6 19. Qd3 a6 20. Rhe1 Nxe5 21. fxe5 Rfe8 22. Qd5 c4 23. Nb2 cxb3 24. axb3 Rac8 25. Nc4 Rc5 26. Qe4 Bxe5 27. Kb1 Re6 28. Qa8+ Re8 29. Rd8 Rxd8 30. Qxd8+ Kg7 31. Qe7 Bf6 32. Qe8 Qxe8 33. Rxe8 Rf5 34. Kc1 Bc3 35. Ne3 Rf2 0-1

[Event "Utrecht"]
[Site "Utrecht"]
[Date "2023.07.27"]
[Round "3"]
[White "Kerigan, Demre"]
[Black "Dorokhin, Mykhailo"]
[Result "1/2-1/2"]
[WhiteElo "2352"]
[BlackElo "2363"]
[PlyCount "113"]
[EventDate "2023.07.08"]
[EventType "tourn"]
[EventRounds "9"]
[EventCountry "NED"]
[EventCategory "4"]
[SourceTitle "EXT 2024"]
[Source "ChessBase"]
[SourceDate "2023.10.10"]
[SourceVersion "1"]
[SourceVersionDate "2023.10.10"]
[SourceQuality "1"]

1. c4 c6 2. Nf3 Nf6 3. g3 d5 4. Bg2 g6 5. b3 Bg7 6. Bb2 0-0 7. 0-0 Re8 8. Qc2 Bg4 9. d4 Nbd7 10. Nbd2 Bf5 11. Qc1 b5 12. h3 Ne4 13. Nh4 Nxd2 14. Qxd2 bxc4 15. Nxf5 gxf5 16. bxc4 Nb6 17. Rac1 Qd7 18. cxd5 cxd5 19. Ba3 Rab8 20. Bc5 Nc4 21. Qc3 e6 22. Rc2 Rec8 23. Qd3 Qa4 24. Rfc1 Rb5 25. e3 Rcb8 26. Bf1 Rb2 27. Qc3 Qxa2 28. Bxc4 dxc4 29. Qxc4 Rxc2 30. Rxc2 Qxc4 31. Rxc4 a6 32. Ra4 Ra8 33. Kf1 Bf8 34. Bxf8 Kxf8 35. Ke2 Ke7 36. Kd3 Kd6 37. g4 fxg4 38. hxg4 a5 39. e4 f6 40. f4 Kc6 41. e5 fxe5 42. dxe5 Kb5 43. Ra1 Rg8 44. g5 a4 45. Rb1+ Kc6 46. Ke4 a3 47. Ra1 Ra8 48. Kf3 Kc5 49. f5 exf5 50. Kf4 Kb4 51. Kxf5 Rf8+ 52. Ke6 Kb3 53. Rb1+ Kc2 54. Rb7 a2 55. Ra7 Kb2 56. Rb7+ Kc2 57. Ra7 1/2-1/2

[Event "Utrecht OKU Masters 47th"]
[Site "Utrecht"]
[Date "2022.05.29"]
[Round "9"]
[White "Dorokhin, Mykhailo"]
[Black "Kerigan, Demre"]
[Result "1-0"]
[WhiteElo "2357"]
[BlackElo "2354"]
[PlyCount "55"]
[EventDate "2022.02.13"]
[EventType "tourn"]
[EventRounds "9"]
[EventCountry "NED"]
[SourceTitle "EXT 2023"]
[Source "ChessBase"]
[SourceDate "2022.10.05"]
[SourceVersion "1"]
[SourceVersionDate "2022.10.05"]
[SourceQuality "1"]

1. e4 d6 2. d4 Nf6 3. Nc3 c6 4. a4 Qa5 5. f3 e5 6. Nge2 Be7 7. g4 h5 8. g5 Nh7 9. Rg1 Nf8 10. Qd3 Na6 11. Be3 Ng6 12. 0-0-0 b5 13. axb5 Nb4 14. Qc4 Be6 15. d5 cxd5 16. Nxd5 Bxd5 17. exd5 0-0 18. Nc3 Rfc8 19. Qb3 Bd8 20. Bh3 Nh4 21. Rgf1 a6 22. Bxc8 Rxc8 23. Kd2 Nxc2 24. Kxc2 Nf5 25. Bf2 Bb6 26. Kb1 Bd4 27. b6 Rb8 28. Na4 1-0

[Event "Utrecht OKU Masters 47th"]
[Site "Utrecht"]
[Date "2022.03.12"]
[Round "3"]
[White "Kerigan, Demre"]
[Black "Wemmers, Xander"]
[Result "1-0"]
[WhiteElo "2354"]
[BlackElo "2375"]
[PlyCount "81"]
[EventDate "2022.02.13"]
[EventType "tourn"]
[EventRounds "9"]
[EventCountry "NED"]
[SourceTitle "EXT 2023"]
[Source "ChessBase"]
[SourceDate "2022.10.05"]
[SourceVersion "1"]
[SourceVersionDate "2022.10.05"]
[SourceQuality "1"]

1. e4 c6 2. d3 d5 3. Nd2 g6 4. Ngf3 Bg7 5. g3 e5 6. Bg2 Ne7 7. 0-0 0-0 8. Re1 d4 9. Nb3 a5 10. c3 a4 11. Nc5 Qa5 12. b4 Qa7 13. cxd4 b6 14. dxe5 bxc5 15. Be3 Nd7 16. Rc1 Nxe5 17. Nxe5 Bxe5 18. Bxc5 Qb7 19. d4 Rd8 20. dxe5 Rxd1 21. Rexd1 Be6 22. Rd2 a3 23. Rc3 Kg7 24. Rcd3 Ng8 25. Rd6 Qb5 26. Bf1 Qb7 27. f4 h5 28. h3 Ra4 29. R6d4 Qc7 30. Rd6 Kh7 31. Kh2 Ra8 32. Bd3 Qc8 33. f5 gxf5 34. exf5 Bxf5 35. Bxf5+ Qxf5 36. Rf2 Qb1 37. Rxf7+ Kh8 38. Rf2 Ne7 39. e6 Nf5 40. Rd7 Qe4 41. e7 1-0

[Event "TUR-chT"]
[Site "Konya"]
[Date "2019.07.25"]
[Round "10.7"]
[White "Kerigan, Demre"]
[Black "Safarli, Eltaj"]
[Result "0-1"]
[WhiteElo "2398"]
[BlackElo "2608"]
[PlyCount "70"]
[EventDate "2019.07.17"]
[EventType "team-tourn"]
[EventRounds "13"]
[EventCountry "TUR"]
[SourceTitle "CBM 191 Extra"]
[Source "ChessBase"]
[SourceDate "2019.09.30"]
[SourceVersion "1"]
[SourceVersionDate "2019.09.30"]
[SourceQuality "1"]
[WhiteTeam "Tarsus Zeka"]
[BlackTeam "Besiktas Jimnastik"]
[WhiteTeamCountry "TUR"]
[BlackTeamCountry "TUR"]

1. e4 e5 2. Bc4 Nf6 3. d3 Nc6 4. Nc3 Na5 5. Nge2 Be7 6. a4 Nxc4 7. dxc4 d6 8. 0-0 0-0 9. b3 Be6 10. Qd3 c6 11. Ba3 Qc7 12. Rfd1 Rad8 13. Qf3 Ne8 14. Qe3 a6 15. Rd3 f5 16. exf5 Bxf5 17. Rd2 h6 18. Ne4 Bxe4 19. Qxe4 d5 20. Bxe7 dxe4 21. Bxd8 Qf7 22. Bb6 Nf6 23. Ng3 h5 24. Re1 Qg6 25. h3 Rf7 26. Rde2 h4 27. Nxe4 Nh5 28. Re3 Nf4 29. g4 hxg3 30. Rxg3 Qh5 31. Kh2 Ne6 32. Reg1 Rf3 33. Re1 Rxg3 34. fxg3 Qf3 35. Bf2 Ng5 0-1

[Event "TUR-chT"]
[Site "Konya"]
[Date "2019.07.24"]
[Round "8.7"]
[White "Sarana, Alexey"]
[Black "Kerigan, Demre"]
[Result "1-0"]
[WhiteElo "2640"]
[BlackElo "2398"]
[PlyCount "99"]
[EventDate "2019.07.17"]
[EventType "team-tourn"]
[EventRounds "13"]
[EventCountry "TUR"]
[SourceTitle "CBM 191 Extra"]
[Source "ChessBase"]
[SourceDate "2019.09.30"]
[SourceVersion "1"]
[SourceVersionDate "2019.09.30"]
[SourceQuality "1"]
[WhiteTeam "Turk Hava Yollari"]
[BlackTeam "Tarsus Zeka"]
[WhiteTeamCountry "TUR"]
[BlackTeamCountry "TUR"]

1. e4 d6 2. d4 Nf6 3. Nc3 e5 4. dxe5 dxe5 5. Qxd8+ Kxd8 6. Bc4 Be6 7. Bxe6 fxe6 8. f3 a6 9. Nh3 Bd6 10. Nf2 Nc6 11. Be3 Ke7 12. Nd3 h6 13. Ne2 Nb4 14. Nxb4 Bxb4+ 15. c3 Bd6 16. Nc1 a5 17. Nd3 a4 18. Ke2 Nd7 19. Rhd1 c5 20. c4 b6 21. Rd2 Nb8 22. Rad1 Nc6 23. Nf4 exf4 24. Rxd6 Rac8 25. Bxf4 e5 26. Rd7+ Ke8 27. Bg3 Nd4+ 28. R1xd4 cxd4 29. Rb7 Rf8 30. Bxe5 Rxc4 31. Kd3 Rc6 32. Bxg7 Rf7 33. Rb8+ Kd7 34. Bxd4 Rg6 35. Rxb6 Rxg2 36. Ke3 Rxh2 37. e5 Ke8 38. e6 Rf5 39. Ke4 Rhh5 40. f4 Rb5 41. Ra6 Ra5 42. Rc6 Ke7 43. Bc3 Rab5 44. a3 Rhd5 45. Bb4+ Rxb4+ 46. axb4 Rb5 47. Rc5 Rxb4+ 48. Ke5 Rxb2 49. Rc7+ Kd8 50. Ra7 1-0

[Event "TUR-chT"]
[Site "Konya"]
[Date "2019.07.17"]
[Round "1.5"]
[White "Kerigan, Demre"]
[Black "Ertan, Can"]
[Result "0-1"]
[WhiteElo "2398"]
[BlackElo "2396"]
[PlyCount "108"]
[EventDate "2019.07.17"]
[EventType "team-tourn"]
[EventRounds "13"]
[EventCountry "TUR"]
[SourceTitle "CBM 191 Extra"]
[Source "ChessBase"]
[SourceDate "2019.09.30"]
[SourceVersion "1"]
[SourceVersionDate "2019.09.30"]
[SourceQuality "1"]
[WhiteTeam "Tarsus Zeka"]
[BlackTeam "Karaman Belediye"]
[WhiteTeamCountry "TUR"]
[BlackTeamCountry "TUR"]

1. e4 e5 2. Nf3 Nc6 3. Bb5 a6 4. Bxc6 dxc6 5. Nc3 Qd6 6. d4 exd4 7. Nxd4 c5 8. Nde2 Qxd1+ 9. Nxd1 Nf6 10. f3 Bd7 11. Bg5 Be7 12. Ne3 h6 13. Bf4 0-0-0 14. 0-0-0 Rhe8 15. g4 Bc6 16. Rxd8+ Bxd8 17. Nf5 g6 18. Nfg3 h5 19. gxh5 Nxh5 20. Nxh5 gxh5 21. Ng3 h4 22. Nf5 Rg8 23. Be3 Rg2 24. Bxc5 Bg5+ 25. Kb1 Bd7 26. Ne7+ Kd8 27. Nd5 c6 28. Nb6 Be6 29. Rd1+ Kc7 30. Na4 Bd2 31. Bb6+ Kb8 32. Nc5 Bc8 33. a3 h3 34. Nb3 Bf4 35. Rd8 Rxh2 36. Nc5 Rd2 37. Rh8 h2 38. Ka2 Rd1 39. Nd3 Bg3 40. Bf2 Be5 41. Nxe5 h1Q 42. Bg3 Ra1+ 43. Kb3 Qxh8 44. Nxf7+ Ka7 45. Nxh8 Rf1 46. Be5 Be6+ 47. Kc3 Rxf3+ 48. Kd2 Rf2+ 49. Kd3 Rg2 50. a4 a5 51. Bc3 Rg8 52. Ke3 Kb8 53. Be5+ Kc8 54. b3 Kd7 0-1

[Event "BEL-chT 1819"]
[Site "Belgium"]
[Date "2018.10.07"]
[Round "2.5"]
[White "Kerigan, Demre"]
[Black "Real, Thibault"]
[Result "0-1"]
[WhiteElo "2366"]
[BlackElo "2177"]
[PlyCount "80"]
[EventDate "2018.09.30"]
[EventType "team-tourn"]
[EventRounds "11"]
[EventCountry "BEL"]
[SourceTitle "CBM 186 Extra"]
[Source "ChessBase"]
[SourceDate "2018.08.24"]
[SourceVersion "1"]
[SourceVersionDate "2018.08.24"]
[SourceQuality "1"]
[WhiteTeam "Wachtebeke"]
[BlackTeam "Boitsfort"]
[WhiteTeamCountry "BEL"]
[BlackTeamCountry "BEL"]

1. e4 c5 2. Nc3 a6 3. g3 b5 4. Bg2 Bb7 5. Nge2 e6 6. d4 cxd4 7. Nxd4 Nf6 8. 0-0 b4 9. Na4 Bxe4 10. Bxe4 Nxe4 11. Re1 d5 12. c4 bxc3 13. Qb3 Nd7 14. f3 Nef6 15. bxc3 Rb8 16. Qc2 Rc8 17. g4 Nc5 18. g5 Nfd7 19. Kh1 Be7 20. Nxc5 Nxc5 21. h4 0-0 22. Qg2 Nd3 23. Re3 Nxc1 24. Rxc1 Qc7 25. Qg4 Bc5 26. Rce1 Qa5 27. g6 hxg6 28. h5 Bxd4 29. cxd4 gxh5 30. Qxh5 Qd2 31. Qe5 Rc1 32. Rxc1 Qxc1+ 33. Kg2 Rc8 34. Re2 Qh6 35. Kg3 Qg6+ 36. Kf2 Qb1 37. Qg5 Qd1 38. Qe5 Qh1 39. Kg3 Qc1 40. Rh2 Qc7 0-1

[Event "TUR-chT"]
[Site "Ankara"]
[Date "2018.08.03"]
[Round "10.5"]
[White "Kerigan, Demre"]
[Black "Erdogdu, Mert"]
[Result "1-0"]
[WhiteElo "2366"]
[BlackElo "2411"]
[PlyCount "105"]
[EventDate "2018.07.25"]
[EventType "team-tourn"]
[EventRounds "13"]
[EventCountry "TUR"]
[SourceTitle "CBM 185 Extra"]
[Source "ChessBase"]
[SourceDate "2018.07.29"]
[SourceVersion "1"]
[SourceVersionDate "2018.07.29"]
[SourceQuality "1"]
[WhiteTeam "Tarsus Zeka"]
[BlackTeam "Deniz su Aquamatch"]
[WhiteTeamCountry "TUR"]
[BlackTeamCountry "TUR"]

1. e4 c5 2. Nc3 d6 3. Nge2 Nf6 4. g3 Nc6 5. Bg2 g6 6. 0-0 Bg7 7. d3 0-0 8. h3 Nd7 9. f4 Nd4 10. g4 Rb8 11. a4 a6 12. g5 e6 13. Ng3 b5 14. axb5 axb5 15. Nce2 b4 16. Nxd4 cxd4 17. b3 Qc7 18. Bb2 Bb7 19. Qd2 Qc5 20. Qf2 Rbc8 21. Rfc1 Ra8 22. Rxa8 Rxa8 23. Ne2 e5 24. f5 Qc7 25. Ng3 Ra2 26. Rb1 Nc5 27. h4 Qa5 28. Qe1 Bc6 29. h5 Bb5 30. Kh2 Bf8 31. Qf2 Qd8 32. Qd2 Qa5 33. Ne2 Qd8 34. Bf3 h6 35. hxg6 fxg6 36. Qxb4 Be8 37. Qd2 hxg5 38. Ng3 g4 39. Bxg4 Qh4+ 40. Bh3 Bh6 41. Qe2 gxf5 42. Nxf5 Bf4+ 43. Kg2 Qf6 44. Kh1 Kf8 45. Qg4 Bf7 46. b4 Ne6 47. Nxd6 Ng5 48. Nxf7 Nxf7 49. b5 Ng5 50. b6 Nxh3 51. Qxh3 Ke7 52. b7 Qf8 53. b8Q 1-0

[Event "TUR-chT"]
[Site "Ankara"]
[Date "2018.07.28"]
[Round "4.5"]
[White "Kerigan, Demre"]
[Black "Zeydan, Salih"]
[Result "0-1"]
[WhiteElo "2366"]
[BlackElo "2061"]
[PlyCount "60"]
[EventDate "2018.07.25"]
[EventType "team-tourn"]
[EventRounds "13"]
[EventCountry "TUR"]
[SourceTitle "CBM 185 Extra"]
[Source "ChessBase"]
[SourceDate "2018.07.29"]
[SourceVersion "1"]
[SourceVersionDate "2018.07.29"]
[SourceQuality "1"]
[WhiteTeam "Tarsus Zeka"]
[BlackTeam "Darassufaka Spor"]
[WhiteTeamCountry "TUR"]
[BlackTeamCountry "TUR"]

1. g3 d5 2. Bg2 Nf6 3. d3 g6 4. Nf3 Bg7 5. 0-0 0-0 6. c3 Nc6 7. Qc2 e5 8. e4 h6 9. b4 a6 10. Bb2 Be6 11. Nbd2 dxe4 12. dxe4 Nd7 13. a3 Qe7 14. Rfe1 Nb6 15. c4 a5 16. c5 axb4 17. cxb6 bxa3 18. Bc1 cxb6 19. Nb1 a2 20. Nc3 Nd4 21. Qb2 Rfc8 22. Be3 Qa3 23. Qxa3 Rxa3 24. Bxd4 exd4 25. Nb5 Rxf3 26. Bxf3 d3 27. Rad1 Bb2 28. Kg2 Rc2 29. Ra1 d2 30. Red1 Bxa1 0-1